000
00251nam a2200085Ia 4500
245
0
_a
African tribal designs : CD-ROM & book
100
_a
WILLIAMS, Geoffrey Mineola, NY, 2004
_9
103551
942
_c
BK
008
210818s9999 xx 000 0 und d
999
_c
458785
_d
458786